Three years of fear (Record no. 118110)
[ view plain ]
| 000 -LEADER | |
|---|---|
| fixed length control field | 01467cam a2200265 4500 |
| 001 - CONTROL NUMBER | |
| control field | ABS68194 |
| 008 - FIXED-LENGTH DATA ELEMENTS--GENERAL INFORMATION | |
| fixed length control field | 041001n2004 000 0 eng u |
| 035 ## - SYSTEM CONTROL NUMBER | |
| System control number | (Sirsi) u127607 |
| 100 ## - MAIN ENTRY--PERSONAL NAME | |
| Personal name | Leftly, M. |
| 245 ## - TITLE STATEMENT | |
| Title | Three years of fear |
| 260 ## - PUBLICATION, DISTRIBUTION, ETC. | |
| Date of publication, distribution, etc. | 2004 |
| 490 ## - SERIES STATEMENT | |
| Series statement | Building |
| Volume/sequential designation | 269(8348) 10 September 2004, 44-49 (6) |
| 520 ## - SUMMARY, ETC. | |
| Summary, etc. | Looks at the lessons learnt from the September 2001 terrorist attacks for the design of tall buildings around the world. Points out that there were many questions surrounding the collapse of the twin towers in New York especially concerning their design that led to their dramatic collapse. Discusses the new Barclays' 33 storey headquarters in Canary Wharf whose design was adapted to take on board the latest safety developments. Also notes that there has been a steady improvement in the last three years in the ability for buildings to withstand fires, and industry led reform has changed the way fire safety is approached. An increasingly important consideration is the effect on security and insurance for tall buildings against biological or chemical attacks by terrorists. |
| 590 ## - LOCAL NOTE (RLIN) | |
| Local note | ABS |
| 590 ## - LOCAL NOTE (RLIN) | |
| Local note | ABS |
| 650 ## - SUBJECT ADDED ENTRY--TOPICAL TERM | |
| Topical term or geographic name entry element | TERRORISM |
| 650 ## - SUBJECT ADDED ENTRY--TOPICAL TERM | |
| Topical term or geographic name entry element | SEPTEMBER 11 ATTACKS |
| 650 ## - SUBJECT ADDED ENTRY--TOPICAL TERM | |
| Topical term or geographic name entry element | BUILDING DESIGN |
| 650 ## - SUBJECT ADDED ENTRY--TOPICAL TERM | |
| Topical term or geographic name entry element | BUILDING REGULATIONS |
| 9 (RLIN) | 6224 |
| 650 ## - SUBJECT ADDED ENTRY--TOPICAL TERM | |
| Topical term or geographic name entry element | BUILDING STRUCTURES |
| 650 ## - SUBJECT ADDED ENTRY--TOPICAL TERM | |
| Topical term or geographic name entry element | TALL BUILDINGS |
| 690 ## - LOCAL SUBJECT ADDED ENTRY--TOPICAL TERM (OCLC, RLIN) | |
| Topical term or geographic name as entry element | BUILDING AND CONSTRUCTION-DESIGN AND STRUCTURES |
| 700 ## - ADDED ENTRY--PERSONAL NAME | |
| Personal name | Richardson, S. |
| 942 ## - ADDED ENTRY ELEMENTS (KOHA) | |
| Suppress in OPAC | 0 |
| Withdrawn status | Lost status | Source of classification or shelving scheme | Damaged status | Not for loan | Home library | Current library | Shelving location | Date acquired | Total Checkouts | Full call number | Barcode | Date last seen | Copy number | Price effective from | Koha item type |
|---|---|---|---|---|---|---|---|---|---|---|---|---|---|---|---|
| Dewey Decimal Classification | London | London | Journal article | 01/10/2004 | ABS68194 | 127607-1001 | 06/08/2019 | 1 | 06/08/2019 | Journal article |